000 00749nas a2200253 4500
001 BR9503801
003 BR-BrBNA
005 20231205094356.0
007 ta
008 230509b bl.|||p| |||| 00| 00por d
040 _aBR-BrBNA
_bpor
_cBiblioteca Nacional de Agricultura
041 _a(Pt)
072 _aL70; L73
100 1 _aReis, R.
245 1 _aRevisao sobre controle e erradicacao da brucelose bovina
650 _aBovino
650 _aBrucelose
650 _aProfilaxia
650 _aErradicacao
650 _aDiagnostico
773 0 _tArquivos da Escola de Veterinaria da Universidade Federal de Minas Gerais (Brazil)
_x
_g(1969), v. 21 p. 93-101
_wBR9503801
909 _a202311
_bLúcia
_c55
_dLúcia Elande
942 _2AGRIS
_n0
_cANA
999 _c143892
_d143892